| 000 | 00938cab a2200289 4500 | ||
|---|---|---|---|
| 001 | WB3325-47 | ||
| 008 | 090401t1997 xxu||||| |||| 00| 0 eng d | ||
| 035 | _a(Sirsi) u79254 | ||
| 041 | _aeng | ||
| 245 | _aCouncil liable for tree damage | ||
| 260 | _c1997 | ||
| 350 | _a0 | ||
| 490 |
_aTimes _v26 June 1997, 35(2) |
||
| 520 | _a"Hurst and another v Hampshire CC" CA 19 June 1997. "Held" where a tree grew in the verge of a public highway, the highway authority were liable for damage caused by the trees roots to buildings adjacent to the highway. | ||
| 650 | _aDAMAGE TO PROPERTY | ||
| 650 | _aFORESEEABILITY | ||
| 650 | _aHIGHWAY AUTHORITY | ||
| 650 | _aHIGHWAYS ACT 1980 S96(1) | ||
| 650 | _aHURST AND ANOTHER V HAMPSHIRE CC | ||
| 650 | _aLIABILITY | ||
| 650 | _aLOCAL AUTHORITIES | ||
| 650 | _aTREE DAMAGE | ||
| 650 | _aTREE ROOTS | ||
| 690 | _aPROPERTY LAW AND PRACTICE | ||
| 942 | _n0 | ||
| 948 | _c26/06/1997 | ||
| 999 |
_c49825 _d49825 |
||